Animal Crossing - les Villageois Chiens [avec image] - Statistiques

Statistiques générales
  • Ce quiz a été pris 33 fois
  • Le résultat moyen est 9 sur 17
Statistiques - réponses
Par images Réponse % Correct
Cookie
88%
Mirza
77%
Ramsès
77%
Anna
73%
Dalma
69%
Avril
65%
Nonos
62%
Béa
58%
Naomie
58%
Brutus
54%
Crocket
42%
George
42%
Ismaël
42%
Mehdi
42%
Olympe
38%
Bernado
23%
Foufou
19%
Aucun quiz correspondant
Distribution des résultats
% des personnes avec chaque résultat
Percentile par nombre de réponses
Votre historique - résultats
Vous n’avez pas pris ce quiz